Online Public Access Catalogue

Epidemiology (Record no. 7996)

MARC details
000 -LEADER
fixed length control field 00413nam a2200157Ia 4500
020 ## - INTERNATIONAL STANDARD BOOK NUMBER
International Standard Book Number 9781416040026
082 ## - DEWEY DECIMAL CLASSIFICATION NUMBER
Classification number 614.4
Author Mark GOR
100 ## - MAIN ENTRY--PERSONAL NAME
Author Name Gardis,Leon
245 #0 - TITLE STATEMENT
Title Epidemiology
250 ## - EDITION STATEMENT
Edition statement 4th
260 ## - PUBLICATION, DISTRIBUTION, ETC.
Date of publication, distribution, etc. 2009
Name of publisher, distributor, etc. Saunders
300 ## - PHYSICAL DESCRIPTION
No of Pages 375
Dimensions 28CM
504 ## - BIBLIOGRAPHY, ETC. NOTE
Bibliography, Index, etc. note including index and Bibliography
650 ## - SUBJECT ADDED ENTRY--TOPICAL TERM
Subject Epidemiology
Keywords Community Medicine
-- Epidemiologic
-- Randomized Trials
-- IMDC
942 ## - ADDED ENTRY ELEMENTS (KOHA)
Koha item type Books
Source of classification or shelving scheme
Holdings
Item status Home library Current library Shelving location Date acquired Total Checkouts Full call number Barcode Date last seen Koha item type
  Islamabad Medical and Dental College Islamabad Medical and Dental College Islamabad Medical and Dental College 16/03/2018   614.4 GOR 9759 16/03/2018 Books
  Islamabad Medical and Dental College Islamabad Medical and Dental College Islamabad Medical and Dental College 16/03/2018   614.4 GOR 9760 16/03/2018 Books
  Islamabad Medical and Dental College Islamabad Medical and Dental College Islamabad Medical and Dental College 16/03/2018   614.4 GOR 9761 16/03/2018 Books
  Islamabad Medical and Dental College Islamabad Medical and Dental College Islamabad Medical and Dental College 16/03/2018   614.4 GOR 9762 16/03/2018 Books
  Islamabad Medical and Dental College Islamabad Medical and Dental College Islamabad Medical and Dental College 16/03/2018   614.4 GOR 9763 16/03/2018 Books
  Islamabad Medical and Dental College Islamabad Medical and Dental College Islamabad Medical and Dental College 16/03/2018   614.4 GOR 9764 16/03/2018 Books

Copyright @ IMDC Library
Islamabad Medical and Dental College
Bhara Kahu, Islamabad

  Contact the Librarian, IMDC
  Email:: library@imdcollege.edu.pk

  OPAC Customized by
  Mazhar Hussain,
  Librarian:
  Islamabad Medical and Dental College
  Email:: library@imdcollege.edu.pk